00601nam a2200109Ia 4500008004100000245002200041300027400063650000900337856005400346999001900400952007200419170517s9999 xx 000 0 und d aAir Guitar Nation aIn this documentary from filmmaker Alexandra Lipsitz, the cameras roll to capture the fierce competitive spirit that defined the first annual U.S. Air Guitar Championship. Staged in Finland and featuring some of the fastest-fingered shredders on the planet, the U.S.... xArt. uhttp://topdocumentaryfilms.com/air-guitar-nation/ c333108d333108 001040aCLbCLd2017-05-17l0r2017-05-17 00:00:00w2017-05-17yDF